000
00283nam a22001217a 4500
008
181008b xxu||||| |||| 00| 0 eng d
041
_a
eng
080
_a
101
100
_a
24
101
_a
FIL
245
_a
After Newton: Essays on Natural Philosophy
_c
Harman, P.M
942
_2
udc
_c
BK
999
_c
49060
_d
49060